000 01378cam a2200313 i 4500
001 768714001
003 CO-MdFUSB
005 20240604103028.0
007 ta
008 180430s1988 miu||||g |||| 00| 0 spa d
020 _a0-8254-1678-7
040 _aCO-MdFUSB
_bspa
_cCO-MdFUSB
_dCO-MdFUSB
_erda
041 0 _aspa
082 _224
_a234
_bS772s
100 1 _aCharles H. Spurgeon
_eautor
245 0 0 _aSolamente por Gracia
_c/ Charles Spurgeon
264 1 _aMichigan , EE.UU :
_bPortavoz,
_c[1988]
264 4 _c©1988
300 _a127 páginas
_b:
_c;
336 _2rdacontent
_atexto
_btxt
337 _2rdamedia
_asin mediación
_bn
338 _2rdacarrier
_avolumen
_bnc
505 _aPara ti -- Nuestro propósito -- Dios justifica a los ímpios -- Dios es el que justifica -- Justo y justificador -- Salvación de pecar -- Por gracia mediante la fe -- ¿Qué es la fe? -- ¿Cómo se puede aclarar la fe? -- ¿Por qué nos salvamos por la fe? -- í Ay de mi! Nada puedo hacer -- Aumento de fe -- La regeneración y el Espíritu Santo -- Mi redentor vive -- Sin arrepentimiento, sin perdón -- Cómo se da el arrepentimiento -- El temor de caer -- Confirmación -- ¿Por qué perseveran los santos? -- Conclusión
563 _aRústico
650 0 _91209
_aSalvación
_xCristianismo
650 7 _9364
_aGracia (Teología)
942 _cBK
945 _aestudiante
999 _c44728
_d44728